[Event "Defi Nez Rouge"]
[Site "Gatineau CAN"]
[Date "2011.12.20"]
[Round "4"]
[White "Morones, Oliver"]
[Black "Traversy, Pierre"]
[Result "1-0"]
[WhiteElo "1222"]
[BlackElo "1115"]
[PlyCount "123"]
[GameId "2160767909573383"]
[EventDate "2011.11.29"]
[EventType "swiss"]
[EventRounds "4"]
[EventCountry "CAN"]
[SourceTitle "EXT 2013"]
[Source "ChessBase"]
[SourceDate "2012.11.22"]
[SourceVersion "1"]
[SourceVersionDate "2012.11.22"]
[SourceQuality "1"]

1. d3 d5 2. h3 e5 3. a3 Nf6 4. e3 Nc6 5. Qf3 Be6 6. Be2 a6 7. Qg3 e4 8. Bd2 Qd6 9. f4 exf3 10. Qxf3 Ne5 11. Qf2 c6 12. Nc3 Qc7 13. g4 h6 14. Nf3 Nfd7 15. Nd4 Qd6 16. e4 c5 17. Nf5 Bxf5 18. gxf5 d4 19. Nd5 Nf6 20. Nxf6+ Qxf6 21. Ba5 Be7 22. O-O-O b6 23. Bd2 a5 24. Rhg1 Qh4 25. Qh2 Qf6 26. Rdf1 Bd6 27. Qg2 Bf8 28. Bf4 g5 29. Bg3 Bd6 30. Qh2 Kd7 31. h4 Rag8 32. Qh1 g4 33. Bf4 Be7 34. Bg3 h5 35. Qg2 Bd6 36. Qh2 Rh7 37. Bf4 Bc7 38. Kb1 b5 39. Bg5 Qd6 40. f6 Ng6 41. Qh1 Ke8 42. Rf5 Qc6 43. Bf1 Be5 44. Bg2 c4 45. dxc4 Qxc4 46. Bf1 Qc5 47. Bd3 Kd8 48. Qg2 Re8 49. Qe2 b4 50. a4 Re6 51. Bc4 Rd6 52. Qd3 Rb6 53. b3 Rb7 54. Rgf1 Rc7 55. Bf4 Nxf4 56. R1xf4 Qd6 57. Rxe5 Qxe5 58. Rf5 Qe8 59. Qxd4+ Rd7 60. Qb6+ Rc7 61. Rd5+ Kc8 62. Ba6+ 1-0

[Event "Defi Nez Rouge"]
[Site "Gatineau CAN"]
[Date "2011.12.20"]
[Round "4"]
[White "Roth, Gerhard"]
[Black "Menard, Marc"]
[Result "1-0"]
[WhiteElo "1250"]
[BlackElo "1490"]
[PlyCount "35"]
[GameId "2160767909573384"]
[EventDate "2011.11.29"]
[EventType "swiss"]
[EventRounds "4"]
[EventCountry "CAN"]
[SourceTitle "EXT 2013"]
[Source "ChessBase"]
[SourceDate "2012.11.22"]
[SourceVersion "1"]
[SourceVersionDate "2012.11.22"]
[SourceQuality "1"]

1. e4 e5 2. Nf3 Nc6 3. d4 exd4 4. Bc4 Nf6 5. e5 d5 6. Bb5 Ne4 7. Nxd4 Bd7 8. Nxc6 bxc6 9. Bd3 Nc5 10. O-O Nxd3 11. Qxd3 Bc5 12. Qg3 g6 13. Bh6 Bf8 14. Bg5 Be7 15. Bf6 Bxf6 16. exf6 Qxf6 17. Qxc7 Qd8 18. Qe5+ 1-0

[Event "Eastern Ontario op"]
[Site "Ottawa CAN"]
[Date "2011.06.30"]
[Round "1"]
[White "Pacey, Kevin"]
[Black "Carrier, Claude"]
[Result "1-0"]
[WhiteElo "2309"]
[BlackElo "2059"]
[PlyCount "93"]
[GameId "2160767909704159"]
[EventDate "2011.06.30"]
[EventType "swiss"]
[EventRounds "6"]
[EventCountry "CAN"]

1. Nf3 d5 2. d4 Nf6 3. c4 g6 4. cxd5 Bg7 5. Qa4+ Qd7 6. Qxd7+ Nfxd7 7. Nc3 c5 8. dxc5 Nxc5 9. Be3 Nba6 10. Bd4 O-O 11. e4 Bxd4 12. Nxd4 Nb4 13. Rd1 e5 14. dxe6 Nxe6 15. Nb3 Nc2+ 16. Kd2 Nb4 17. Bc4 Nf4 18. g3 Rd8+ 19. Ke3 Be6 20. Bxe6 Nxe6 21. f4 b6 22. a3 Nc6 23. Rxd8+ Rxd8 24. Rd1 Rxd1 25. Nxd1 a5 26. Nc3 Kf8 27. Na4 b5 28. Nac5 Nc7 29. Nd4 Nd8 30. e5 Ke7 31. Ke4 f5+ 32. exf6+ Kxf6 33. g4 Nf7 34. Nb7 a4 35. g5+ Ke7 36. Nc6+ Kd7 37. Ne5+ Nxe5 38. Kxe5 Kc6 39. Nd6 Kc5 40. h4 b4 41. f5 gxf5 42. h5 f4 43. g6 hxg6 44. h6 bxa3 45. bxa3 f3 46. h7 Nb5 47. h8=Q 1-0

[Event "Eastern Ontario op"]
[Site "Ottawa CAN"]
[Date "2011.07.01"]
[Round "2"]
[White "Doubleday, William"]
[Black "Pacey, Kevin"]
[Result "1/2-1/2"]
[WhiteElo "2119"]
[BlackElo "2309"]
[PlyCount "81"]
[GameId "2160767909704160"]
[EventDate "2011.06.30"]
[EventType "swiss"]
[EventRounds "6"]
[EventCountry "CAN"]

1. d4 Nf6 2. c4 e6 3. Nc3 Bb4 4. e3 O-O 5. Nge2 d5 6. a3 Be7 7. cxd5 Nxd5 8. g3 Nxc3 9. Nxc3 c5 10. Bg2 cxd4 11. exd4 Bf6 12. d5 exd5 13. Qxd5 Re8+ 14. Be3 Bxc3+ 15. bxc3 Qf6 16. O-O Nc6 17. Bd4 Nxd4 18. Qxd4 Qa6 19. Rfe1 Be6 20. c4 Red8 21. Bd5 Qa5 22. Red1 Bxd5 23. cxd5 Rd7 24. Rd3 Rad8 25. Rad1 h6 26. Qe4 Qc5 27. a4 b6 28. d6 a6 29. Rd5 Qc6 30. Qb4 a5 31. Qd4 Kf8 32. h4 Kg8 33. g4 Kf8 34. h5 f6 35. f4 Rb8 36. g5 Rf7 37. Qe4 Qc3 38. R1d3 Qc1+ 39. Rd1 Qc3 40. R1d3 Qc1+ 41. Rd1 1/2-1/2

[Event "Eastern Ontario op"]
[Site "Ottawa CAN"]
[Date "2011.07.03"]
[Round "6"]
[White "Pacey, Kevin"]
[Black "Ritchie, Gordon"]
[Result "1-0"]
[WhiteElo "2309"]
[BlackElo "1806"]
[PlyCount "59"]
[GameId "2160767909704162"]
[EventDate "2011.06.30"]
[EventType "swiss"]
[EventRounds "6"]
[EventCountry "CAN"]

1. d4 d5 2. c4 c6 3. Nf3 Nf6 4. Bg5 Ne4 5. Bh4 Qa5+ 6. Nbd2 Bf5 7. e3 Nd7 8. a3 Ndf6 9. b4 Qd8 10. Bxf6 gxf6 11. cxd5 Qxd5 12. Bc4 Qd7 13. Qb3 Nd6 14. Bd3 Be6 15. Qc2 h5 16. Nb3 Bd5 17. e4 Bxb3 18. Qxb3 Qg4 19. e5 Qxg2 20. Ke2 Nc8 21. h3 Qg7 22. Rhg1 Qh6 23. b5 Nb6 24. bxc6 bxc6 25. e6 Qf4 26. exf7+ Kd7 27. Rg8 Bh6 28. Rag1 e6 29. Rxh8 Rxh8 30. Rg8 1-0

[Event "FIDE Futurity 4"]
[Site "Winnipeg CAN"]
[Date "2011.01.04"]
[Round "1"]
[White "Lauritson, Jim"]
[Black "Boron, Anthony"]
[Result "1/2-1/2"]
[WhiteElo "1887"]
[BlackElo "1963"]
[PlyCount "78"]
[GameId "2160767909829717"]
[EventDate "2011.01.04"]
[EventType "tourn"]
[EventRounds "5"]
[EventCountry "CAN"]
[SourceTitle "EXT 2019"]
[Source "ChessBase"]
[SourceDate "2018.10.10"]
[SourceVersion "1"]
[SourceVersionDate "2018.10.10"]
[SourceQuality "1"]

1. d4 d5 2. c4 e6 3. Nc3 c6 4. Nf3 Bd6 5. e4 dxe4 6. Nxe4 Be7 7. Be2 Nf6 8. Nc3 O-O 9. O-O Nbd7 10. h3 Qc7 11. Be3 e5 12. d5 h6 13. Rc1 Re8 14. Qc2 Bc5 15. Bxc5 Nxc5 16. b4 Na6 17. a3 cxd5 18. cxd5 e4 19. Nd2 e3 20. fxe3 Bxh3 21. Nce4 Nxe4 22. Qxc7 Nxc7 23. Nxe4 Rxe4 24. Rxc7 Rc8 25. Rfxf7 Rxc7 26. Rxc7 Rxe3 27. gxh3 Rxe2 28. d6 Rd2 29. d7 Kh7 30. Rxb7 a6 31. Ra7 h5 32. a4 Kh6 33. Rxa6+ Kg5 34. b5 Rxd7 35. Re6 Rd4 36. a5 Rd5 37. Rb6 Kf4 38. a6 Kf3 39. a7 Rd1+ 1/2-1/2

[Event "FIDE Futurity 4"]
[Site "Winnipeg CAN"]
[Date "2011.01.04"]
[Round "1"]
[White "Zaczek, Jonathon"]
[Black "Kaptsan, Aron"]
[Result "1-0"]
[WhiteElo "2119"]
[BlackElo "2089"]
[PlyCount "69"]
[GameId "2160767909829718"]
[EventDate "2011.01.04"]
[EventType "tourn"]
[EventRounds "5"]
[EventCountry "CAN"]
[SourceTitle "EXT 2019"]
[Source "ChessBase"]
[SourceDate "2018.10.10"]
[SourceVersion "1"]
[SourceVersionDate "2018.10.10"]
[SourceQuality "1"]

1. e4 e5 2. Nf3 Nc6 3. Bb5 a6 4. Ba4 Nf6 5. O-O Be7 6. Re1 b5 7. Bb3 d6 8. a4 Bb7 9. d3 O-O 10. Nbd2 Nb8 11. Nf1 Nbd7 12. a5 c5 13. Ne3 g6 14. Bd2 c4 15. dxc4 Nxe4 16. Bb4 Ndc5 17. Ba2 Re8 18. cxb5 axb5 19. Nd5 Bf8 20. Nb6 Ng5 21. Bd5 Bxd5 22. Qxd5 Nxf3+ 23. Qxf3 Na6 24. Qxa8 Qxa8 25. Nxa8 Nxb4 26. Nc7 Rc8 27. a6 Rxc7 28. a7 Rxa7 29. Rxa7 Nxc2 30. Rc1 Nd4 31. Rcc7 Ne6 32. Rxf7 d5 33. Rfb7 b4 34. Ra8 d4 35. Re7 1-0

[Event "FIDE Futurity 4"]
[Site "Winnipeg CAN"]
[Date "2011.01.11"]
[Round "2"]
[White "Kaptsan, Aron"]
[Black "Boron, Anthony"]
[Result "1-0"]
[WhiteElo "2089"]
[BlackElo "1963"]
[PlyCount "83"]
[GameId "2160767909829719"]
[EventDate "2011.01.04"]
[EventType "tourn"]
[EventRounds "5"]
[EventCountry "CAN"]
[SourceTitle "EXT 2019"]
[Source "ChessBase"]
[SourceDate "2018.10.10"]
[SourceVersion "1"]
[SourceVersionDate "2018.10.10"]
[SourceQuality "1"]

1. d4 Nf6 2. Nf3 d5 3. e3 g6 4. c4 c6 5. Nc3 Bg7 6. Be2 O-O 7. O-O Re8 8. Qb3 a6 9. a4 e6 10. Ne5 Nfd7 11. f4 f6 12. Nf3 Kh8 13. a5 b5 14. axb6 Qxb6 15. Qc2 f5 16. Bd2 Nf6 17. Na4 Qd8 18. Ne5 Kg8 19. Nc5 Ne4 20. cxd5 cxd5 21. Ba5 Qh4 22. Ncd3 Bb7 23. Qc7 Qe7 24. Rac1 Ra7 25. Bb4 Bxe5 26. Qxe5 Qg7 27. Qxg7+ Kxg7 28. Rc7+ Kg8 29. Bc5 Nxc5 30. Nxc5 Rc8 31. Rxb7 Rxb7 32. Nxb7 Rc2 33. Bf3 Rxb2 34. Nd8 Rb6 35. Nxe6 Rxe6 36. Bxd5 Kf7 37. Rb1 Nd7 38. Rb7 Ke7 39. Bxe6 Kxe6 40. Ra7 Nf8 41. Rxa6+ Kd5 42. Rf6 1-0

[Event "FIDE Futurity 4"]
[Site "Winnipeg CAN"]
[Date "2011.01.18"]
[Round "3"]
[White "Lauritson, Jim"]
[Black "Zaczek, Jonathon"]
[Result "1/2-1/2"]
[WhiteElo "1887"]
[BlackElo "2119"]
[PlyCount "100"]
[GameId "2160767909829720"]
[EventDate "2011.01.04"]
[EventType "tourn"]
[EventRounds "5"]
[EventCountry "CAN"]
[SourceTitle "EXT 2019"]
[Source "ChessBase"]
[SourceDate "2018.10.10"]
[SourceVersion "1"]
[SourceVersionDate "2018.10.10"]
[SourceQuality "1"]

1. d4 Nf6 2. c4 g6 3. Nc3 d5 4. Nf3 Bg7 5. Bg5 Ne4 6. Bh4 Nxc3 7. bxc3 c5 8. cxd5 Qxd5 9. e3 cxd4 10. cxd4 Nc6 11. Be2 O-O 12. O-O e5 13. dxe5 Qa5 14. Bf6 Nxe5 15. Bxg7 Nxf3+ 16. Bxf3 Kxg7 17. Qd4+ Kg8 18. Rfd1 Be6 19. Qb2 Rab8 20. Rd2 b5 21. a3 Rfd8 22. Rad1 Rxd2 23. Rxd2 a6 24. h4 h5 25. Rd1 Rc8 26. Bb7 Rb8 27. Bf3 Rd8 28. Rxd8+ Qxd8 29. Qd4 Qxd4 30. exd4 Kf8 31. Kf1 Ke7 32. Ke1 Kd6 33. Be4 a5 34. Kd2 b4 35. axb4 axb4 36. f3 Bc4 37. g4 Ke6 38. gxh5 gxh5 39. Kc2 Bd5 40. Kb2 f5 41. Bd3 Bxf3 42. Kb3 f4 43. Kxb4 Kd5 44. Kc3 Be4 45. Bc4+ Kd6 46. Bf7 Bf3 47. Kd3 Kd7 48. Kd2 Ke7 49. Bg6 Ke6 50. Be8 Ke7 1/2-1/2

[Event "FIDE Futurity 5"]
[Site "Winnipeg CAn"]
[Date "2011.03.01"]
[Round "1"]
[White "Lauritson, Jim"]
[Black "Schulz, Waldemar"]
[Result "0-1"]
[WhiteElo "1908"]
[BlackElo "2015"]
[PlyCount "70"]
[GameId "2160767909787518"]
[EventDate "2011.03.01"]
[EventType "tourn"]
[EventRounds "5"]
[EventCountry "CAN"]
[SourceTitle "EXT 2019"]
[Source "ChessBase"]
[SourceDate "2018.10.10"]
[SourceVersion "1"]
[SourceVersionDate "2018.10.10"]
[SourceQuality "1"]

1. d4 Nf6 2. c4 g6 3. Nc3 d5 4. Nf3 Bg7 5. Bf4 O-O 6. e3 c5 7. dxc5 Qa5 8. Qd2 dxc4 9. Bxc4 Rd8 10. Qc2 Qxc5 11. Qb3 e6 12. O-O Nc6 13. Rfd1 Qe7 14. Rxd8+ Nxd8 15. Nb5 Ne8 16. Rd1 Bd7 17. Nd6 Bc6 18. Nxe8 Qxe8 19. Ne5 Ba4 20. Qd3 Bxd1 21. Qxd1 Nc6 22. Ng4 Rd8 23. Qf3 Qd7 24. Be2 Qd5 25. e4 Qxa2 26. h4 Nd4 27. Qe3 Nxe2+ 28. Qxe2 Qb1+ 29. Kh2 Qd3 30. Qe1 Qd4 31. Nh6+ Kf8 32. Qa5 Bf6 33. Ng4 Be7 34. Bh6+ Kg8 35. Qc7 Bd6+ 0-1

[Event "FIDE Futurity 5"]
[Site "Winnipeg CAn"]
[Date "2011.03.08"]
[Round "2"]
[White "Kaptsan, Aron"]
[Black "Melamedoff, Gustavo"]
[Result "1-0"]
[WhiteElo "2071"]
[BlackElo "2048"]
[PlyCount "147"]
[GameId "2160767909787519"]
[EventDate "2011.03.01"]
[EventType "tourn"]
[EventRounds "5"]
[EventCountry "CAN"]
[SourceTitle "EXT 2019"]
[Source "ChessBase"]
[SourceDate "2018.10.10"]
[SourceVersion "1"]
[SourceVersionDate "2018.10.10"]
[SourceQuality "1"]

1. d4 Nf6 2. c4 e6 3. Nc3 Bb4 4. a3 Bxc3+ 5. bxc3 O-O 6. e3 b6 7. Bd3 Bb7 8. f3 d5 9. Ne2 Nbd7 10. O-O c5 11. Ng3 dxc4 12. Bxc4 Rc8 13. Bd3 c4 14. Bc2 Nd5 15. Bd2 f5 16. e4 Ne7 17. exf5 exf5 18. Qe2 f4 19. Ne4 Rc6 20. Ng5 Ng6 21. Be4 Rd6 22. Qxc4+ Kh8 23. Nf7+ Rxf7 24. Qxf7 Ba6 25. Rf2 Ndf8 26. Bxg6 Nxg6 27. Re1 Bb5 28. Bxf4 Rf6 29. Bg5 Rxf7 30. Bxd8 h6 31. Rb2 Bc4 32. Rb4 b5 33. Rbb1 Nf4 34. Ba5 Rf6 35. Re7 h5 36. Rbe1 Rg6 37. g3 Nh3+ 38. Kg2 Nf4+ 39. Kf2 Nd3+ 40. Kg2 Nxe1+ 41. Rxe1 Ra6 42. Bb4 Rf6 43. Re5 g6 44. f4 h4 45. d5 hxg3 46. hxg3 Rf5 47. Re8+ Kg7 48. d6 Rd5 49. Re7+ Kf6 50. Rxa7 Kf5 51. Re7 Kg4 52. Kf2 Rd2+ 53. Ke3 Rd1 54. d7 Kxg3 55. Ba5 Re1+ 56. Kd2 Rxe7 57. d8=Q Re2+ 58. Kd1 Kxf4 59. Qf6+ Ke3 60. Bb6+ Ke4 61. Qxg6+ Kd5 62. Qh5+ Kc6 63. Bd4 Ra2 64. Qc5+ Kd7 65. Be5 Ke6 66. Bf4 Ra1+ 67. Kc2 Ra2+ 68. Kb1 Re2 69. Be3 Bd3+ 70. Kc1 Bc4 71. Bd4 Re1+ 72. Kd2 Re2+ 73. Kd1 Kd7 74. Qxc4 1-0

[Event "FIDE Futurity 5"]
[Site "Winnipeg CAn"]
[Date "2011.03.15"]
[Round "3"]
[White "Lauritson, Jim"]
[Black "Kaptsan, Aron"]
[Result "1-0"]
[WhiteElo "1908"]
[BlackElo "2071"]
[PlyCount "61"]
[GameId "2160767909787520"]
[EventDate "2011.03.01"]
[EventType "tourn"]
[EventRounds "5"]
[EventCountry "CAN"]
[SourceTitle "EXT 2019"]
[Source "ChessBase"]
[SourceDate "2018.10.10"]
[SourceVersion "1"]
[SourceVersionDate "2018.10.10"]
[SourceQuality "1"]

1. d4 Nf6 2. c4 e6 3. Nc3 d5 4. cxd5 exd5 5. Bg5 c6 6. Qc2 Nbd7 7. e3 Be7 8. Bd3 h6 9. Bh4 O-O 10. Nge2 Ng4 11. Bg3 Re8 12. h3 Ngf6 13. f3 Nh5 14. Bf2 Bd6 15. O-O-O b5 16. g4 Nhf6 17. h4 Nb6 18. g5 hxg5 19. hxg5 Nfd7 20. Rh5 b4 21. Rdh1 Kf8 22. Ng3 Bxg3 23. Bxg3 Ke7 24. e4 bxc3 25. exd5 Nf8 26. Re1+ Be6 27. dxe6 Nxe6 28. Qxc3 Nd5 29. Qc5+ Kd7 30. Qd6+ Kc8 31. Ba6# 1-0

[Event "FIDE Futurity 5"]
[Site "Winnipeg CAn"]
[Date "2011.03.15"]
[Round "3"]
[White "Melamedoff, Gustavo"]
[Black "Schulz, Waldemar"]
[Result "1/2-1/2"]
[WhiteElo "2048"]
[BlackElo "2015"]
[PlyCount "133"]
[GameId "2160767909787521"]
[EventDate "2011.03.01"]
[EventType "tourn"]
[EventRounds "5"]
[EventCountry "CAN"]
[SourceTitle "EXT 2019"]
[Source "ChessBase"]
[SourceDate "2018.10.10"]
[SourceVersion "1"]
[SourceVersionDate "2018.10.10"]
[SourceQuality "1"]

1. Nf3 d5 2. c4 e6 3. b3 Nf6 4. g3 Be7 5. Bg2 O-O 6. O-O a5 7. Bb2 a4 8. d3 axb3 9. axb3 Rxa1 10. Bxa1 b6 11. Nc3 Bb7 12. Qb1 Nbd7 13. Rd1 Qa8 14. Nb5 c6 15. Nbd4 Rc8 16. Rd2 Qb8 17. Ra2 Qc7 18. Qb2 Ne8 19. Ra7 Ra8 20. Rxa8 Bxa8 21. Qa2 Bb7 22. Bh3 Bf6 23. Qa7 Qb8 24. Qa3 Qa8 25. Bb2 Qxa3 26. Bxa3 Ne5 27. Nxe5 Bxe5 28. Nf3 Bf6 29. b4 dxc4 30. dxc4 Nd6 31. c5 Nc4 32. Bc1 Bc3 33. Ng5 Bxb4 34. Nxe6 Bc8 35. Nf4 Bxh3 36. Nxh3 Bxc5 37. Nf4 Kf8 38. Nd3 Bd6 39. e4 Ke7 40. f4 Ba3 41. Bxa3+ Nxa3 42. Kf2 Kd6 43. Ke3 c5 44. Kd2 b5 45. g4 Nc4+ 46. Kc3 Nb6 47. g5 Nd7 48. h4 Kc6 49. h5 b4+ 50. Kc2 Kb5 51. f5 c4 52. Nf4 Ne5 53. g6 hxg6 54. hxg6 fxg6 55. fxg6 Ka4 56. Ne6 Nxg6 57. Nxg7 Ka3 58. Nf5 Ka2 59. Nd4 b3+ 60. Kd2 b2 61. Ne2 Ne5 62. Nc3+ Kb3 63. Nb1 Nd3 64. Nc3 Nc5 65. e5 Ne6 66. Nb1 Nd4 67. Ke3 1/2-1/2

[Event "FIDE Futurity 5"]
[Site "Winnipeg CAn"]
[Date "2011.03.22"]
[Round "4"]
[White "Kaptsan, Aron"]
[Black "Schulz, Waldemar"]
[Result "1/2-1/2"]
[WhiteElo "2071"]
[BlackElo "2015"]
[PlyCount "39"]
[GameId "2160767909787522"]
[EventDate "2011.03.01"]
[EventType "tourn"]
[EventRounds "5"]
[EventCountry "CAN"]
[SourceTitle "EXT 2019"]
[Source "ChessBase"]
[SourceDate "2018.10.10"]
[SourceVersion "1"]
[SourceVersionDate "2018.10.10"]
[SourceQuality "1"]

1. d4 Nf6 2. c4 g6 3. Nc3 d5 4. cxd5 Nxd5 5. Bd2 Bg7 6. e4 Nxc3 7. Bxc3 O-O 8. h3 c5 9. Nf3 Qc7 10. Rc1 Rd8 11. d5 b6 12. Bxg7 Kxg7 13. Qa4 Qf4 14. Qc2 Na6 15. a3 Bb7 16. Bd3 Rac8 17. Qd2 Qxd2+ 18. Nxd2 Nc7 19. Ke2 e6 20. dxe6 1/2-1/2

[Event "FIDE Futurity 5"]
[Site "Winnipeg CAn"]
[Date "2011.03.29"]
[Round "5"]
[White "Melamedoff, Gustavo"]
[Black "Lauritson, Jim"]
[Result "0-1"]
[WhiteElo "2048"]
[BlackElo "1908"]
[PlyCount "118"]
[GameId "2160767909787523"]
[EventDate "2011.03.01"]
[EventType "tourn"]
[EventRounds "5"]
[EventCountry "CAN"]
[SourceTitle "EXT 2019"]
[Source "ChessBase"]
[SourceDate "2018.10.10"]
[SourceVersion "1"]
[SourceVersionDate "2018.10.10"]
[SourceQuality "1"]

1. e4 c5 2. Nc3 Nc6 3. f4 e6 4. Nf3 g6 5. Bb5 Nd4 6. O-O Bg7 7. Nxd4 cxd4 8. Nb1 Ne7 9. Bd3 O-O 10. f5 exf5 11. exf5 Nxf5 12. Bxf5 gxf5 13. d3 d6 14. Bf4 Be6 15. Qh5 Qf6 16. Rf3 Qg6 17. Qh3 Qg4 18. Qg3 Bd5 19. Rf1 Rfe8 20. Na3 Re2 21. Rf2 Rae8 22. h3 Qxg3 23. Bxg3 Bh6 24. Kf1 Rxf2+ 25. Bxf2 Be3 26. Nb5 f4 27. Nxd4 Re5 28. c4 Bc6 29. b4 Bxd4 30. Bxd4 Rg5 31. Re1 Bxg2+ 32. Kf2 Kf8 33. h4 Rg6 34. h5 Rg4 35. Bf6 Bc6 36. b5 Bd7 37. h6 Be6 38. d4 Bxc4 39. Rc1 Bxb5 40. Rc8+ Be8 41. Bg7+ Ke7 42. Rc7+ Ke6 43. Kf3 Rg1 44. Kxf4 Bc6 45. Rc8 Rf1+ 46. Ke3 Rf3+ 47. Ke2 Ra3 48. Rh8 Be4 49. Re8+ Kd5 50. Re7 b5 51. Rxf7 Rxa2+ 52. Ke3 a5 53. Rd7 Ra3+ 54. Kf4 b4 55. Be5 Rf3+ 56. Kg4 Bf5+ 57. Kxf3 Bxd7 58. Bf4 a4 59. Ke3 a3 0-1

[Event "Fall ProAm"]
[Site "Guelph CAN"]
[Date "2011.11.05"]
[Round "2"]
[White "Sundar, Avinaash"]
[Black "Brajkovic, Nikola"]
[Result "1/2-1/2"]
[WhiteElo "2242"]
[BlackElo "2012"]
[PlyCount "76"]
[GameId "2160767909573664"]
[EventDate "2011.11.05"]
[EventType "swiss"]
[EventRounds "5"]
[EventCountry "CAN"]

1. Nf3 f5 2. c4 Nf6 3. Nc3 e6 4. d4 Be7 5. Qc2 c6 6. d5 O-O 7. Bf4 Nh5 8. Bd2 d6 9. dxe6 Bxe6 10. e3 Na6 11. a3 Qe8 12. Be2 Qf7 13. b3 Rac8 14. Nd4 Bd7 15. Bf3 Nc7 16. O-O Kh8 17. Rad1 Ne6 18. Nxe6 Bxe6 19. Ne2 Nf6 20. Bc3 Ne4 21. Bxe4 fxe4 22. Nf4 Bf5 23. Qb2 Kg8 24. Rd2 g5 25. Ne2 Rcd8 26. Ng3 Bg6 27. f3 Qe6 28. Bh8 Bf6 29. Bxf6 Rxf6 30. fxe4 Rxf1+ 31. Kxf1 Rf8+ 32. Ke1 Bxe4 33. Qd4 Bg6 34. Ke2 Re8 35. Nf1 Bh5+ 36. Ke1 Qf5 37. Qd3 Qe5 38. Qd4 Qf5 1/2-1/2

[Event "Fall ProAm"]
[Site "Guelph CAN"]
[Date "2011.11.05"]
[Round "3"]
[White "Wiebe, Daniel"]
[Black "Sundar, Avinaash"]
[Result "0-1"]
[WhiteElo "1970"]
[BlackElo "2242"]
[PlyCount "38"]
[GameId "2160767909573665"]
[EventDate "2011.11.05"]
[EventType "swiss"]
[EventRounds "5"]
[EventCountry "CAN"]

1. e4 c5 2. Nf3 d6 3. d4 cxd4 4. Nxd4 Nf6 5. Nc3 g6 6. Be3 Bg7 7. f3 Nc6 8. Qd2 O-O 9. Bc4 Bd7 10. O-O-O Qb8 11. h4 Rc8 12. Bb3 a5 13. h5 a4 14. Nxa4 Nxd4 15. Bh6 Nxb3+ 16. axb3 Bh8 17. hxg6 fxg6 18. Qb4 Qc7 19. c3 b5 0-1

[Event "Fall ProAm"]
[Site "Guelph CAN"]
[Date "2011.11.06"]
[Round "4"]
[White "Sundar, Avinaash"]
[Black "Plotkin, Victor"]
[Result "0-1"]
[WhiteElo "2242"]
[BlackElo "2377"]
[PlyCount "70"]
[GameId "2160767909573666"]
[EventDate "2011.11.05"]
[EventType "swiss"]
[EventRounds "5"]
[EventCountry "CAN"]

1. Nf3 Nf6 2. g3 d5 3. d4 c6 4. Bg2 Bf5 5. O-O h6 6. Nbd2 Nbd7 7. c4 e6 8. b3 Be7 9. Bb2 O-O 10. Ne5 Qb6 11. e4 dxe4 12. Nxe4 Rfd8 13. Nxf6+ Nxf6 14. h4 Nd7 15. Ng4 a5 16. Ne3 Bg6 17. Qf3 Nf6 18. Ng4 Nxg4 19. Qxg4 Bf6 20. Rad1 a4 21. c5 Qb4 22. Rc1 axb3 23. a3 Qa4 24. Rfd1 Rd7 25. Bf1 Bc2 26. Rd2 Rad8 27. Re1 Bxd4 28. Kh2 Qa5 29. Rxd4 Rxd4 30. Bxd4 Rxd4 31. Qxd4 Qxe1 32. Qd8+ Kh7 33. Bd3+ f5 34. h5 Bxd3 35. Qxd3 b2 0-1

[Event "Fall ProAm U2000"]
[Site "Guelph CAN"]
[Date "2011.11.05"]
[Round "1"]
[White "Chuchin, Sasha"]
[Black "Gashgarian, Robert"]
[Result "0-1"]
[WhiteElo "1678"]
[BlackElo "1937"]
[PlyCount "58"]
[GameId "2160767909573667"]
[EventDate "2011.11.05"]
[EventType "swiss"]
[EventRounds "5"]
[EventCountry "CAN"]

1. e4 c5 2. Nf3 e6 3. d4 cxd4 4. Nxd4 a6 5. Nc3 Qc7 6. a3 Nf6 7. Be3 b5 8. Bd3 Bb7 9. O-O d5 10. f3 e5 11. Ndxb5 axb5 12. Bxb5+ Nbd7 13. Nxd5 Nxd5 14. exd5 Bc5 15. Bf2 O-O 16. Bxd7 Bxf2+ 17. Rxf2 Qxd7 18. Rd2 Qb5 19. Rc1 Rac8 20. Qf1 Qxb2 21. Rb1 Qc3 22. Qf2 Ba6 23. a4 Rb8 24. Rbd1 Rfd8 25. Qa7 Qa5 26. d6 Rb7 27. Qe3 f6 28. d7 Qxa4 29. Qc5 Rbxd7 0-1

[Event "Fall ProAm U2000"]
[Site "Guelph CAN"]
[Date "2011.11.05"]
[Round "2"]
[White "Gashgarian, Robert"]
[Black "Knechtel, Tim"]
[Result "1/2-1/2"]
[WhiteElo "1937"]
[BlackElo "1730"]
[PlyCount "82"]
[GameId "2160767909573668"]
[EventDate "2011.11.05"]
[EventType "swiss"]
[EventRounds "5"]
[EventCountry "CAN"]

1. d4 Nf6 2. c4 d6 3. Nc3 Nbd7 4. e4 e5 5. d5 Nc5 6. f3 a5 7. b3 Be7 8. Be3 b6 9. a3 Nh5 10. Qd2 Nxb3 11. Qb2 Nxa1 12. Nge2 g5 13. Nc1 Nf4 14. g3 Nh3 15. Bd3 Bd7 16. Rf1 a4 17. Qxa1 O-O 18. N1e2 Qc8 19. g4 Nf4 20. Kd2 Nxd3 21. Kxd3 Qa6 22. Rb1 Rfb8 23. Nb5 Rb7 24. Nec3 c6 25. dxc6 Bxc6 26. Rb4 d5 27. Rxa4 dxc4+ 28. Kc2 Qxa4+ 29. Nxa4 Rxa4 30. Qxe5 Bxb5 31. Bd4 f6 32. Qd5+ Kf8 33. Qxb7 Rxa3 34. e5 fxe5 35. Bxe5 Ba4+ 36. Kc1 Re3 37. Qa8+ Be8 38. Bd4 Re1+ 39. Kc2 b5 40. Qa6 Bg6+ 41. Kc3 Rb1 1/2-1/2

[Event "Fall ProAm U2000"]
[Site "Guelph CAN"]
[Date "2011.11.05"]
[Round "3"]
[White "Deline, Ralph"]
[Black "Gillis, Doug"]
[Result "0-1"]
[WhiteElo "1832"]
[BlackElo "1617"]
[PlyCount "32"]
[GameId "2160767909573669"]
[EventDate "2011.11.05"]
[EventType "swiss"]
[EventRounds "5"]
[EventCountry "CAN"]

1. e4 e6 2. d4 d5 3. e5 c5 4. c3 Qb6 5. Nf3 Bd7 6. Be2 Bb5 7. O-O Bxe2 8. Qxe2 Qa6 9. Qd1 Nd7 10. a4 Rc8 11. Be3 cxd4 12. Bxd4 Ne7 13. b4 Nf5 14. g4 Nxd4 15. Qxd4 Rc4 16. Qe3 Rxg4+ 0-1

[Event "Fall ProAm U2000"]
[Site "Guelph CAN"]
[Date "2011.11.05"]
[Round "3"]
[White "Yang, Brent"]
[Black "Gashgarian, Robert"]
[Result "0-1"]
[WhiteElo "1681"]
[BlackElo "1937"]
[PlyCount "67"]
[GameId "2160767909573670"]
[EventDate "2011.11.05"]
[EventType "swiss"]
[EventRounds "5"]
[EventCountry "CAN"]

1. e4 e6 2. d4 d5 3. Nc3 Bb4 4. exd5 exd5 5. Bd3 Nc6 6. Nge2 Bg4 7. O-O Qd7 8. f3 Bf5 9. Na4 Nce7 10. Bxf5 Nxf5 11. c3 Bd6 12. Nc5 Qc6 13. Nd3 O-O-O 14. Ne5 Qe8 15. Qd3 Nfe7 16. Bf4 h5 17. Qd2 f6 18. Nd3 g5 19. Bxd6 Rxd6 20. Rfe1 Qf7 21. Nf2 Nh6 22. f4 g4 23. g3 Nef5 24. Kg2 h4 25. Nd3 Qh5 26. Nf2 Re6 27. Ng1 Rhe8 28. Rxe6 Rxe6 29. Re1 Qe8 30. Rxe6 Qxe6 31. gxh4 Nxh4+ 32. Kg3 N6f5+ 33. Kxg4 Qg8+ 34. Kh3 0-1